000 nam a22 a 4500
999 _c347771
_d347771
003 BLK
005 20201007040637.0
008 200115b bu |||||r|||| 00| 0 bu d
020 _a9789542317401
040 _aBLK
041 _aBUL
_cBUL
080 _aРимокатолическа църква
_b272
_x(497.2)-9
_z272(497.2)-9
080 _aРимокатолическа църква
_b272
_x-722
_z272-722
100 _aРъжгев, Бойко Павлов
_eпърви автор
_91299
139 _aРъжгев
_bР 97
245 _aКатолицизмът папите българофили
_b: яката вяра в Никополска епархия
_cБойко Ръжгев
260 _9210654
_aСвищов
_bАкад. изд. Д. А. Ценов
_c2019
300 _a252 с.
_b с ил., портр.
_c24 см
380 _a2
490 _9203335
_aПоредица Интересно и малко известно
_vISSN C625-0076
500 _aБиогр. данни за авт. отбелязани на гърба на кор.
650 0 _9279204
_aКатолицизъм - влияние в България
650 7 _9165661
_aПапство
653 7 _9188412
_aкатолицизъм
653 7 _9193311
_aпапство
852 _bЦб
942 _cKNG
_n0
_s1
944 _aCR
_c2020-01-15
_kМикаела Микова - Илиева
_l2020-01-15
999 _d347771
999 _d347771